000 00580nam a22002057a 4500
003 OSt
005 20140310182351.0
008 130930t xxu||||| |||| 00| 0 eng d
020 _a0689715021
050 _aPZ 7
_b.Ad194Hal 1991
082 _aGS 823
_bAD1h 1981
100 _aAdams, Adrienne
_922058
245 _aA halloween happening /
_cAdrienne Adams.
260 _aNew York :
_bMacillan Publishing Company,
_c1981.
300 _bill. col. ;
_c25 cm.
650 _aHolloween
_xfiction
_922192
650 _aWitches
_xfiction
_922193
942 _2lcc
_cBK-GS
999 _c12376
_d12376